000 00839nam a2200253 i 4500
001 bg
100 1 _aBOJANOWSKI, Eugeniusz
_d(1942- )
245 1 0 _aPostępowanie administracyjne :
_bzarys wykładu /
_cEugeniusz Bojanowski, Jacek Lang.
250 _aWyd. 3.
260 _aWarszawa :
_b"LexisNexis",
_c2002.
300 _a224 s. ;
_c24 cm.
504 _aBibliogr. przy rozdz. Indeks.
650 9 _aPostępowanie administracyjne
_zPolska
_ystan na 2002 r.
655 _aPodręczniki akademickie
700 1 _aLANG, Jacek Marian
020 _a8373341145
040 _cBPK
041 0 _apol
080 _a351.077.3(438)(075.8)
920 _a83-7334-114-5
942 _cKS
008 s pl f |000 0 pol
999 _c43299
_d43299
856 _uhttp://koha.tu.koszalin.pl/cgi-bin/koha/opac-detail.pl?biblionumber=43299
_yKatalog online BPK